00486 2200181 4500001002100000005001500021035002000036245007900056100001800135250001100153300002700164260003500191082001000226084001600236020002200252650001200274600001800286INLIS00000000000111720240712092117 a0010-07240001101 aVariasi Olahan Masakan Pedas dan Sambal Nendang Pedesnya! /cTim Ajarmasak0 aTim Ajarmasak acet. I a64 hlm ;c14 x 20,5 cm aYogyakarta :bAjarmasak,c2012 a641.5 a641.5 TIM v a978-979-911-172-2 4aMasakan04aTim Ajarmasak